History of mathematics : from a mathematician's vantage point /

Bibliographic Details
Main Author: Artémiadis, Nikolaos K., 1917-
Format: Book
Language:English
Published: Providence, R.I. : American Mathematical Society, [2004]
Subjects:

MARC

Tag First Indicator Second Indicator Subfields
LEADER 00000cam a2200000 a 4500
001 in00002003121
005 20151031142857.0
008 040311s2004 riua b 001 0 eng
010 |a  2004046178 
020 |a 0821834037 (acid-free paper) 
035 |a (OCoLC)ocm54803703 
040 |a DLC  |c DLC  |d TXA  |d UtOrBLW 
041 1 |a eng  |h gre 
042 |a pcc 
049 |a TXAM 
050 0 0 |a QA21  |b .A7513 2004 
082 0 0 |a 510/.9  |2 22 
100 1 |a Artémiadis, Nikolaos K.,  |d 1917- 
240 1 0 |a Istoria tōn mathēmatikōn.  |l English 
245 1 0 |a History of mathematics :  |b from a mathematician's vantage point /  |c Nikolaos K. Artemiadis ; translated by Nikolaos E. Sofronidis. 
264 1 |a Providence, R.I. :  |b American Mathematical Society,  |c [2004] 
264 4 |c ©2004 
300 |a ix, 454 pages :  |b illustrations ;  |c 26 cm. 
336 |a text  |b txt  |2 rdacontent 
337 |a unmediated  |b n  |2 rdamedia 
338 |a volume  |b nc  |2 rdacarrier 
504 |a Includes bibliographical references (pages 433-435) and indexes. 
650 0 |a Mathematics  |x History. 
948 |a cataloged  |b h  |c 2004/12/6  |d c  |e dmitchel  |f 3:00:00 pm 
994 |a C0  |b TXA 
999 |a MARS 
999 f f |s 4af79c99-fd33-3ecb-a6dd-a0a3f354ede3  |i c14af077-e536-3597-aeb0-873acc82c72e  |t 0 
952 f f |p normal  |a Texas A&M University  |b College Station  |c Sterling C. Evans Library  |d Evans: Library Stacks  |t 0  |e QA21 .A7513 2004  |h Library of Congress classification  |i unmediated -- volume  |m A14831639198 
998 f f |a QA21 .A7513 2004  |t 0  |l Evans: Library Stacks